The mentalities of gorillas and orangutans : comparative perspectives /

Bibliographic Details
Other Authors: Parker, Sue Taylor, Mitchell, Robert W., 1958-, Miles, H. Lyn, 1944-
Format: Book
Language:English
Published: Cambridge ; New York : Cambridge University Press, 1999.
Subjects:

MARC

Tag First Indicator Second Indicator Subfields
LEADER 00000cam a2200000 a 4500
001 in00001509708
005 20151021110049.0
008 990126s1999 enka b 001 0 eng d
015 |a GB99-Y6001 
020 |a 0521580277 
035 |a (OCoLC)41018900 
035 |9 AJL5327AM 
040 |a UKM  |c UKM  |d C#P  |d TXA  |d UtOrBLW 
049 |a TXAM 
050 4 |a QL737.P9  |b M46 1999 
082 0 4 |a 599.883  |2 21 
245 0 4 |a The mentalities of gorillas and orangutans :  |b comparative perspectives /  |c edited by Sue Taylor Parker, Robert W. Mitchell, H. Lyn Miles. 
264 1 |a Cambridge ;  |a New York :  |b Cambridge University Press,  |c 1999. 
300 |a x, 419 pages :  |b illustrations ;  |c 24 cm. 
336 |a text  |b txt  |2 rdacontent 
337 |a unmediated  |b n  |2 rdamedia 
338 |a volume  |b nc  |2 rdacarrier 
504 |a Includes bibliographical references and indexes. 
650 0 |a Gorilla  |x Psychology. 
650 0 |a Bornean orangutan  |x Psychology. 
650 4 |a Gorilla  |x Psychology. 
650 4 |a Orangutan  |x Psychology. 
700 1 |a Parker, Sue Taylor. 
700 1 |a Mitchell, Robert W.,  |d 1958- 
700 1 |a Miles, H. Lyn,  |d 1944- 
948 |a c:blr 
999 |a MARS 
999 f f |s 2a38655c-91f6-3e86-91fe-d0de76296cb0  |i 68920a0e-23a5-398c-99cd-ef30f041041f  |t 0 
952 f f |p normal  |a Texas A&M University  |b College Station  |c Sterling C. Evans Library  |d Evans: Library Stacks  |t 0  |e QL737.P9 M46 1999  |h Library of Congress classification  |i unmediated -- volume  |m A14825369971 
998 f f |a QL737.P9 M46 1999  |t 0  |l Evans: Library Stacks